000 00494nam a22001817a 4500
003 CEME
005 20210628203518.0
008 210120b xxu||||| |||| 00| 0 eng d
020 _a0-906674-06-9
040 _c.
082 _a620.001515353 HIN
100 _aHinton, E, Owen, D.R .J
_965930
245 _aAn introduction to finite element computations
260 _aSEANSEA
_bPINERIDGE PRESS
_c1985
300 _aX,385P
650 _aFINITE ELEMENT COMPUTATIONS.
_965931
942 _cBK
_2ddc
999 _c574001
_d574001